MARC

LEADER 00000nam0a2200000 4500
001 27303
005 20231030202123.0
035 |a (RuTPU)RU\TPU\book\27552 
035 |a BOOK00027627 
090 |a 27303 
100 |a 20011209d2000 k y0rusy50 ca 
101 0 |a rus 
102 |a RU 
105 |a a z 001zy 
200 1 |a Электропривод колебательного движения с машиной двойного питания  |f А. В. Аристов 
210 |a Томск  |c Изд-во ТПУ  |d 2000 
215 |a 173 с.  |c ил. 
320 |a Библиогр.: с. 161-167. 
610 1 |a электрические машины 
610 1 |a электрические приводы 
610 1 |a электроприводы 
610 1 |a колебательные движения 
610 1 |a вращательные движения 
610 1 |a угловое движение 
610 1 |a линейное движение 
610 1 |a двойное питание 
610 1 |a труды учёных ТПУ 
675 |a 62-868  |v 3 
700 1 |a Аристов  |b А. В.  |c российский ученый, специалист в области электротехники  |c профессор Томского политехнического университета, доктор технических наук  |f 1952-  |g Анатолий Владимирович  |2 stltpush  |3 (RuTPU)RU\TPU\pers\25508 
801 0 |a RU  |b 63413507  |c 20011209  |g PSBO 
801 2 |a RU  |b 63413507  |c 20220830  |g PSBO 
942 |c BK